00715nam a22001577a 4500003000900000008004100009040007100050082002000121245009200141260004200233300002700275440004200302505015800344650002400502650003100526AR-CdUCM190513b ||||| |||| 00| 0 spa d aMUNICIPALIDAD PROVINCIAL DEL CUSCOcBIBLIOTECA MUNICIPAL DEL CUSCO a869.509 /bAP64 aEl apogeo de la literatura colonial :blas pietistas anónimas, el lunarejo caviedes / aParís :bDesclee de brouwer,c1938. a349 paginas ; c19 cm. aBiblioteca de cultura peruana nN° 5 aContenido : Primera poetisa anónima -- Discurso en loor de la poesía -- Segunda poetisa anónima -- Juan de Espinoza Medrano -- Diente del Parmaso. aLiteratura colonial aLiteratura latinoamericana